| 000 | 00452pab a2200169 454500 | ||
|---|---|---|---|
| 008 | 180718b2002 xxu||||| |||| 00| 0 eng d | ||
| 100 | _aDanqing Huang | ||
| 245 | _aDeveloping information resources for distance education in China | ||
| 260 | _c2002 | ||
| 300 | _ap.55-60 | ||
| 362 | _a28 Jan | ||
| 650 | _aEducation - China | ||
| 650 | _aDistance education - China | ||
| 650 | _aDistance education | ||
| 773 | _aUniversity News | ||
| 909 | _a51497 | ||
| 999 |
_c51497 _d51497 |
||